Na radničnej veži sa objavil hlásnik

Bibliographic Details
Format: Article
Language:Slovak
PhysicalDescription:Fotogr.
Subjects:

MARC

LEADER 00000cab a2200000 ar4500
001 vtls009474728
003 SK-MaSNL
005 20260305024208.0
008 090219c2009 xo wr|p|||||||000 b|slo
038 |a PPPK 
040 |a PPPKCL  |b slo  |c PPPKCL  |e AACR2 
041 0 |a slo 
044 |a xo  |c SK 
080 |a 72/76.071.1  |2 2001 
080 |a 730.027.1-035.3  |2 2001 
080 |a 725.13  |2 2001 
245 0 0 |a Na radničnej veži sa objavil hlásnik  |c [autor] (bšl) 
300 |b Fotogr. 
600 1 7 |a Malec, Beňo,  |d 1958-  |2 pppkcl  |9 193713 
610 2 7 |a Radnica (Kežmarok, Slovensko)  |x atrakcie  |2 pppkcl  |9 1602852 
648 7 |a 2008  |2 pppkcl  |9 317238 
650 0 7 |a výtvarníci  |2 pppkcl  |9 118705 
650 0 7 |a sochy  |2 pppkcl  |9 29846 
650 0 7 |a radnice  |2 pppkcl  |9 27759 
651 7 |a Kežmarok (Slovensko)  |2 pppkcl  |9 26808 
773 0 |t Podtatranské noviny  |g Roč. IL, č. 46 (2008), s. 3 
852 |a PPPK  |b KIS3GCP 
999 |c 3301002  |d 3302932